000 00801nam a22002177a 4500
999 _c4521
_d4521
003 AR-CdUCM
008 190308b ||||| |||| 00| 0 spa d
040 _aMUNICIPALIDAD PROVINCIAL DEL CUSCO
_cBIBLIOTECA MUNICIPAL DEL CUSCO
082 _a869.55 /
_bS21
100 _aSánchez Dextre, Nello Marco
_914174
245 _aAréstegui y la novela peruana /
260 _aCusco :
_bTaller de Offset,
_c1954.
300 _a105 páginas ;
_c20 cm.
500 _aDonación de la familia de Luis Nieto
505 _aContenido: Biografía de Aréstegui -- La época e Influencias -- "El padre Horán" o escenas de la vida del Cuzco -- Interpretación analítica de la obra.
650 _aNovela peruana
_91234
650 _aHistoria
_9136
650 _aSiglo XX
_98
942 _2ddc
_cLIBROS
945 _adavv